00745nam a2200229Ia 4500001000700000003000500007008004100012010001100053040000900064082001700073245012600090260004400216300001100260504002800271650002800299650003300327650003300360650002600393650001900419700003600438700004100474Z_6243CHAP220113s2008 xx 000 0 und d a169497 cCHAP a636.4083 A28 aActualidades de bioseguridad en la industria porcina /cCoordinadores Antonio Morilla González y Jorge López Morales aMéxico :bEdiciones Pecuarias,c2008 a161 p. aIncluye bibliografías aBioseguridad del ganado aCerdosxCríaxPrevención aGanado porcinoxProducción aLivestock biosecurity aSanidad animal a López Morales, Jorge, coord. aMorilla González, Antonio, coord.